01021nam a2200301 4500003000400000005001700004008004100021020001500062040000700077100002100084245010300105260004000208300001900248500003700267505007500304650002200379650002500401650001100426650002000437650001300457650001900470653001500489653002400504653002400528710005300552710005700605710005700662OSt20180827082157.0180825b xxu||||| |||| 00| 0 spa d a9506790531 cPJ aDonato, Jorge D.10aLetra de cambio, pagaré, cheque :bdoctrina - jurisprudencia - legislación /cJorge D. Donato. aBuenos Aires :bUniversidad,c1989. a388 p.c23 cm. aNotas y citas a pie de página. aContenido: Decretos-leyes 5965/63 y 4776/63, reformado por ley 23.549. 0aDERECHO COMERCIAL 0aTITULOS DE CRÉDITO 0aCHEQUE 0aLETRA DE CAMBIO 0aPAGARÉ 0aLEY DE CHEQUES aLEY 23.549 aDECRETO LEY 4776/63 aDECRETO LEY 5965/63 aArgentina. Leyes, decretos, etc. Ley nº 23.549  aArgentina. Leyes, decretos, etc. Decreto Ley 4776/63 aArgentina. Leyes, decretos, etc. Decreto Ley 5965/63